Normal view
MARC view
Entry Personal Name
001 - CONTROL NUMBER
- control field: 21774
003 - CONTROL NUMBER IDENTIFIER
- control field: ARRUPE
005 - DATE AND TIME OF LATEST TRANSACTION
- control field: 20160126110001.0
008 - FIXED-LENGTH DATA ELEMENTS
- fixed length control field: 160126|| aca||aabn | a|a d
040 ## - CATALOGING SOURCE
- Original cataloging agency: ARRUPE
- Transcribing agency: ARRUPE
100 ## - HEADING--PERSONAL NAME
- Personal name: Kittenberger, Kálmán.
670 ## - SOURCE DATA FOUND
- Source citation: Work cat.: (ARRUPE)0: Kittenberger, Kálmán., Big game hunting and collecting in East Africa, 1903-1926,, 1929.